=LDR 00000nam 2200000 4500 =001 INLIS000000000052925 =005 20200217080859 =035 ##$$a 0010-0318000152 =007 ta =008 200217################g##########0#ind## =020 ##$$a 978-602-02-4003-9 =082 ##$$a 153.8 =084 ##$$a 153.8 FRA p =100 #$$a Frans Budi Pranata =245 1#$$a Personal succes stories of top 15 Indonesian motivators /$c Frans Budi Pranata =260 ##$$a Jakarta :$b Elex Media Komputindo,$c 2014 =300 ##$$a xiii, 129 hlm. : $b Ilus ; $c 14 x 21 cm =650 #4$$a Motivasi =504 ##$$a Bibliografi : hlm. 128 =990 ##$$a 21710949 =990 ##$$a 21710948 =990 ##$$a 21710947 =990 ##$$a 21710946 =990 ##$$a 21710948 =990 ##$$a 21710949 =990 ##$$a 21710947 =990 ##$$a 21710946